Statistics for Les personnalitées préférées des Français

Click here to take the quiz!

General Stats

  • This quiz has been taken 81 times
  • The average score is 8 of 50

Answer Stats

Rang Personnalitées % Correct
1Omar Sy
72%
2Jean-Jacques Goldman
49%
11Gad Elmaleh
41%
23Yannick Noah
41%
12Nagui
34%
6Antoine Griezmann
32%
30Mimie Mathy
28%
50Emmanuel Macron
27%
15Jean Dujardin
27%
13Dany Boon
24%
48Nicolas Sarkozy
23%
37Jamel Debbouze
19%
8Florence Foresti
18%
27Franck Dubosc
18%
45Marion Cotillard
18%
10Teddy Riner
16%
4Michel Cymes
16%
39Alain Souchon
14%
29Francis Cabrel
14%
18Nicolas Hulot
14%
34Louane
12%
35Patrick Bruel
12%
36Michel Sardou
12%
3Simone Veil
12%
28Gérard Jugnot
12%
49Alain Juppé
12%
26M.Pokora
11%
7Sophie Marceau
11%
9Renaud
11%
46Laurent Delahousse
11%
17Jean-Paul Belmondo
9%
24Mylène Farmer
9%
5Jean Reno
9%
33Charles Aznavour
9%
42Tony Parker
8%
40Yann Barthès
8%
25Jean-Pierre Pernaut
8%
20Stephane Bern
8%
22Didier Deschamps
8%
14Florent Pagny
7%
21Laurent Gerra
5%
32Josiane Balasko
5%
38Nicolas Canteloup
5%
43Daniel Auteuil
4%
19Jean Rochefort
3%
47Robert Badinter
3%
44Nolwenn Leroy
3%
41Jean-Louis Aubert
3%
16Fabrice Luchini
1%
31Bernard Pivot
0%

Score Distribution

Percentile by Number Answered

Percent of People with Each Score

Your Score History

You have not taken this quiz